[Event "Olympiad Women 2024"]
[Site "Budapest HUN"]
[Date "2024.09.22"]
[Round "11.8"]
[Board "4"]
[White "Krasteva, Beloslava"]
[Black "Sala, Giulia"]
[Result "1-0"]
[WhiteElo "2295"]
[BlackElo "2115"]
[PlyCount "79"]
[EventDate "2024.09.11"]
[WhiteTeam "Bulgaria"]
[BlackTeam "Italy"]
[WhiteTeamCountry "BUL"]
[BlackTeamCountry "ITA"]

1. d4 d5 2. c4 e6 3. Nc3 h6 4. cxd5 exd5 5. Bf4 c6 6. Qc2 ({RR} 6. e3 Bf5 7. Bd3 Bxd3 8. Qxd3 Nf6 9. Nge2 Nbd7 10. O-O Be7 11. h3 O-O 12. Rad1 Re8 13. f3 c5 14. dxc5 Nxc5 15. Qd2 Ne6 16. Be5 Nd7 17. Bg3 Nf6 18. Nxd5 Nxd5 19. Qxd5 Qb6 20. Qb3 Qxb3 {0-1 Giri,A (2764)-Nihal,S (2670) chess.com SpeedChess 2022 (1.18)}) 6... Ne7 $146 ({RR} 6... Bd6 7. Bxd6 Qxd6 8. e3 Nf6 9. Bd3 O-O 10. Nf3 Re8 11. O-O b6 12. Rab1 Ba6 13. b4 Bxd3 14. Qxd3 b5 15. a4 a6 16. a5 Nbd7 17. Rfc1 Re6 18. Ne2 Rae8 19. Nf4 Re4 20. Nd2 Rxf4 21. exf4 {1-0 Melikhov,E (2269)-Lopez Martinez,J (2493) Titled Tue 8th Nov Early 2022 (8)}) ({RR} 6... Bd6 7. Bxd6 Qxd6 8. e3 Ne7 9. Bd3 Qf6 10. Nge2 Bf5 11. Ng3 Bxd3 12. Qxd3 O-O 13. O-O Nc8 14. f3 Rd8 15. Rad1 Nb6 16. b3 Qd6 17. e4 dxe4 18. fxe4 c5 19. Nf5 Qc7 20. d5 Nc6 21. d6 {1-0 Karavitaki,A (1784)-Christodoulou,K (1517) 51st TCh-GRE 2024 (3.6)}) ({RR} 6... Nf6 7. e3 Be6 8. Bd3 Nbd7 9. Nge2 Bb4 10. Bg3 Qe7 11. Nf4 O-O 12. O-O Bd6 13. Rfe1 Rfe8 14. Qd2 Qf8 15. f3 Rac8 16. e4 dxe4 17. fxe4 Bxf4 18. Bxf4 Nb6 19. e5 Nfd5 20. Ne4 Re7 21. Nd6 {1-0 Franek,J (1680)-Brunel,M (1410) Bethune op-B 23th 2002 (4)}) 7. e3 Bf5 8. Bd3 Bxd3 9. Qxd3 Ng6 10. Bg3 Bd6 11. Nge2 Bxg3 12. Nxg3 O-O 13. O-O Nd7 14. b4 a6 15. a4 b5 16. a5 Nf6 17. Rfc1 Ne7 18. Nf1 Nc8 19. Na2 Nd6 20. Rxc6 Nc4 21. Nc3 Qd7 22. Rc5 Rad8 23. Nd2 Qb7 24. Qc2 Nd6 25. Qa2 Nf5 26. Rc1 Rfe8 27. Ne2 Re6 28. Rc7 Qb8 29. Nf4 Red6 30. Qc2 g6 31. Nf3 Ne8 32. Rc8 Qa7 33. Ne5 Ne7 34. Rxd8 Rxd8 35. Nc6 Nxc6 36. Qxc6 Nd6 37. Qxd5 Qe7 38. Nxg6 Qf6 39. Ne5 Nc4 40. Qf3 1-0

[Event "Olympiad Women 2024"]
[Site "Budapest HUN"]
[Date "2024.09.22"]
[Round "11.9"]
[Board "1"]
[White "Atalik, Ekaterina"]
[Black "Khamdamova, Afruza"]
[Result "1-0"]
[WhiteElo "2381"]
[BlackElo "2313"]
[PlyCount "89"]
[EventDate "2024.09.11"]
[WhiteTeam "Turkiye"]
[BlackTeam "Uzbekistan"]
[BlackTeamCountry "UZB"]

1. d4 d5 2. c4 e6 3. Nc3 Nf6 4. cxd5 exd5 5. Bg5 c6 6. e3 h6 7. Bh4 Be7 8. Bd3 O-O 9. Nge2 Re8 10. O-O a5 11. h3 Nbd7 12. f3 b5 13. Rc1 Ba6 14. Bf2 Bf8 $146 ({RR} 14... a4 15. b3 Bf8 16. Ng3 h5 17. Nce2 c5 18. dxc5 Nxc5 19. Re1 Nxd3 20. Qxd3 b4 21. Qd2 g6 22. Nf4 Qd6 23. Red1 Rac8 24. Rxc8 Rxc8 25. Ne4 Nxe4 26. fxe4 a3 27. Nxd5 Qe5 28. Bh4 g5 29. Be1 {½-½ Deuer,M (2336)-Dvirnyy,D (2541) Mitropa Cup 2023 (5.2)}) ({RR} 14... Nb6 15. e4 Nc4 16. Rc2 Bf8 17. e5 Nd7 18. f4 b4 19. Nb1 a4 20. b3 axb3 21. axb3 Na5 22. Bxa6 Rxa6 23. Qd3 Qb6 24. Nd2 c5 25. Rfc1 Nb7 26. Qf3 Qc6 27. dxc5 Ndxc5 28. Nd4 Qd7 29. Re1 {½-½ Carroll,T (2106)-Atako,C (2003) English Open 2024 (2.13)}) 15. Nf4 Nb6 16. Re1 Bd6 17. Bb1 Nc4 18. Nd3 b4 19. Na4 Bb5 20. Nac5 Qc7 21. Qc2 Bg3 22. e4 Bxf2+ 23. Nxf2 dxe4 24. fxe4 g6 25. e5 Nd5 26. Nfe4 Re7 27. Qf2 Rae8 28. Bd3 Nxe5 29. Bxb5 cxb5 30. dxe5 Qxe5 31. Nd3 Qg7 32. Rc5 Rxe4 33. Rxe4 Rxe4 34. Rxd5 a4 35. Rxb5 a3 36. bxa3 bxa3 37. Rb8+ Kh7 38. Rb7 Kg8 39. Ra7 Re6 40. Rxa3 Qa1+ 41. Kh2 Re8 42. Ra7 Rf8 43. Rd7 Qc3 44. Qd4 Qa3 45. Ne5 1-0

[Event "Olympiad Women 2024"]
[Site "Budapest HUN"]
[Date "2024.09.22"]
[Round "11.9"]
[Board "2"]
[White "Yakubbaeva, Nilufar"]
[Black "Yildiz Kadioglu, Betul Cemre"]
[Result "1-0"]
[WhiteElo "2248"]
[BlackElo "2314"]
[PlyCount "99"]
[EventDate "2024.09.11"]
[WhiteTeam "Uzbekistan"]
[BlackTeam "Turkiye"]
[WhiteTeamCountry "UZB"]

1. d4 d5 2. c4 e6 3. Nf3 a6 4. Bg5 Be7 5. Bxe7 Qxe7 6. Nbd2 Nf6 7. g3 O-O 8. Bg2 dxc4 ({RR} 8... b6 9. cxd5 exd5 10. O-O Bb7 11. Rc1 a5 12. Re1 c5 13. dxc5 bxc5 14. e4 Nxe4 15. Nh4 Qf6 16. Nxe4 dxe4 17. Rxc5 Na6 18. Rxa5 Qxb2 19. Bxe4 Bxe4 20. Rxe4 Rad8 21. Rd5 Rxd5 22. Qxd5 Nb4 23. Qb3 {½-½ Ding,L (2805)-Carlsen,M (2861) Lindores Abbey Stars rapid 2019 (6)}) 9. Nxc4 Qb4+ ({RR} 9... c5 10. O-O Nc6 11. dxc5 Qxc5 12. Rc1 Qe7 13. Qb3 e5 14. Nb6 Be6 15. Qa4 Rad8 16. e3 Nd5 17. Nxd5 Bxd5 18. Rfd1 h6 19. Rd2 Qf6 20. Ne1 Bb3 21. Qxb3 Rxd2 22. Qxb7 Qxf2+ 23. Kh1 Re2 {0-1 Schroer,M (2073)-Nicholson,D (1822) Reykjavik Open 2024 (8.74)}) 10. Nfd2 Rd8 $146 ({RR} 10... Bd7 11. Qb3 Qxb3 12. Nxb3 Bc6 13. O-O Bxg2 14. Kxg2 Nbd7 15. Rfc1 Rfc8 16. Nca5 Rab8 17. f4 Ne4 18. Rc4 c6 19. a3 f5 20. Rd1 Rc7 21. Nc5 Ndxc5 22. dxc5 e5 23. fxe5 Re8 24. b4 Rxe5 25. Rd8+ {0-1 Kojima,S (2308)-Mirzoev,A (2417) FSGM August 2023 (2.1)}) 11. Qb3 a5 12. e3 Nd5 13. O-O Bd7 14. Qxb4 axb4 15. Rfc1 Bb5 16. Ne5 c6 17. Bf1 Bxf1 18. Kxf1 Na6 19. Ndc4 Nac7 20. a3 bxa3 21. bxa3 Ra7 22. a4 Rda8 23. a5 Nb5 24. Rab1 Rd8 25. Nd3 Ndc3 26. Rb2 Ne4 27. Nb4 Nc7 28. Ne5 Raa8 29. a6 Nxa6 30. Nxa6 bxa6 31. Nxc6 Rd6 32. Rb7 Nf6 33. Ne5 Rf8 34. Rcc7 Nd5 35. Rxf7 Rxf7 36. Nxf7 Rc6 37. Ne5 Rc1+ 38. Ke2 h6 39. h4 h5 40. Kf3 Rc2 41. Ra7 Ra2 42. Nf7 a5 43. Ng5 g6 44. Nxe6 a4 45. e4 Nc3 46. d5 Rd2 47. Ke3 Rd1 48. Nd4 Ra1 49. d6 Nd1+ 50. Kf4 1-0

[Event "Olympiad Women 2024"]
[Site "Budapest HUN"]
[Date "2024.09.22"]
[Round "11.9"]
[Board "3"]
[White "Aydin, Gulenay"]
[Black "Omonova, Umida"]
[Result "1/2-1/2"]
[WhiteElo "2202"]
[BlackElo "2032"]
[PlyCount "60"]
[EventDate "2024.09.11"]
[WhiteTeam "Turkiye"]
[BlackTeam "Uzbekistan"]
[BlackTeamCountry "UZB"]

1. e4 e5 2. Nf3 Nc6 3. Nc3 Nf6 4. d4 exd4 5. Nxd4 Bb4 6. Nxc6 bxc6 7. Bd3 O-O 8. O-O Re8 9. Bg5 h6 10. Bh4 d5 11. exd5 g5 12. Bg3 cxd5 13. a3 ({RR} 13. Nb5 Ba5 14. c4 a6 15. Nd4 Bb6 16. Nc6 Qd7 17. Ne5 Qe6 18. Rc1 Bb7 19. c5 Ba7 20. Re1 Rad8 21. Qb3 Ba8 22. f3 Nh5 23. Bf2 Nf4 24. Ng4 Qc6 25. Rxe8+ Rxe8 26. Bd4 Re6 27. Qc3 Bb7 {1-0 Paravyan,D (2660)-Alekseenko,K (2693) Yasnaya Polyana Tolstoy Memorial rapid 2021 (7)}) 13... Bg4 $146 ({RR} 13... Bd6 14. Bxd6 Qxd6 15. Re1 Bd7 16. h3 c6 17. b3 Rxe1+ 18. Qxe1 Nh5 19. Ne2 Re8 20. Qd2 Qf6 21. Rf1 Qe7 22. a4 f5 23. Rd1 Qf6 24. Rf1 g4 25. h4 Rf8 26. g3 f4 27. Nxf4 Nxf4 28. Qxf4 {0-1 Lauda,V (1522)-Munoz,C (1591) Wch U16 Girls 2017 (5)}) ({RR} 13... Bd6 14. Bb5 Bg4 15. Qd4 c5 16. Qa4 Re7 17. Nxd5 Nxd5 18. Qxg4 Bxg3 19. hxg3 Qb6 20. Bc4 Nf6 21. Qf5 Qxb2 22. Qg6+ Kh8 23. Qxh6+ Nh7 24. Bd3 Qg7 25. Qc6 Rae8 26. Qxc5 Nf6 27. Qc3 Qh6 28. Rfe1 {1-0 Aydin,G (2195)-Kakulidis,E (2062) 24th ch-EUR Indiv w 2024 (7.60)}) ({RR} 13... Bc5 14. Qd2 Kg7 15. Rae1 Bd7 16. b4 Bb6 17. Be5 Bc6 18. h4 d4 19. hxg5 Rxe5 20. Rxe5 dxc3 21. gxf6+ Qxf6 22. Qe2 Rd8 23. Qg4+ Kf8 24. Rf5 Qe7 25. Qf4 Rd6 26. Bc4 f6 27. Qxh6+ Ke8 28. Qh8+ {1-0 Ibadov,D (2360)-Yedidia,J (2360) Titled Tue 26th Sep Late 2023 (5)}) 14. Qd2 Ba5 15. b4 Bb6 16. h3 Bh5 17. Rae1 Ne4 18. Bxe4 dxe4 19. Qxd8 Raxd8 20. Nxe4 Kg7 21. Nc3 f5 22. Be5+ Kf7 23. Na4 Rd2 24. Nxb6 cxb6 25. f4 g4 26. hxg4 Bxg4 27. Rf2 Red8 28. c3 Rd1 29. Rxd1 Rxd1+ 30. Rf1 Rxf1+ 1/2-1/2

[Event "Olympiad Women 2024"]
[Site "Budapest HUN"]
[Date "2024.09.22"]
[Round "11.9"]
[Board "4"]
[White "Nadirjanova, Nodira"]
[Black "Isgenderova, Hayale"]
[Result "1-0"]
[WhiteElo "2059"]
[BlackElo "2124"]
[PlyCount "67"]
[EventDate "2024.09.11"]
[WhiteTeam "Uzbekistan"]
[BlackTeam "Turkiye"]
[WhiteTeamCountry "UZB"]

1. d4 e6 2. c4 Nf6 3. Nc3 Bb4 4. e3 O-O 5. Bd3 d5 6. cxd5 exd5 7. a3 Bd6 8. Nge2 Re8 9. Qc2 c6 ({RR} 9... a6 10. h3 b6 11. b4 Nbd7 12. O-O c5 13. bxc5 bxc5 14. Rb1 c4 15. Bf5 g6 16. Bxd7 Bxd7 17. g4 Nxg4 18. hxg4 Qh4 19. Ng3 Bxg4 20. Rb6 Bf3 {0-1 Duda,J (2743)-So,W (2770) Chess.com Speed blitz 2020 (2.22)}) ({RR} 9... c5 10. Bd2 Nc6 11. dxc5 Bxc5 12. Nb5 Bb6 13. O-O a6 14. Nbd4 Nxd4 15. Nxd4 Ne4 16. Bc3 Bd7 17. Qb3 Rc8 18. Rad1 Nxc3 19. bxc3 Be6 20. Nf3 Qc7 21. Rb1 Ba5 22. Qxb7 Qxb7 23. Rxb7 Rxc3 24. Bxa6 {1-0 Ambartsumova,K (2404)-Dias,P (2308) Titled Tue 9th Jul Late 2024 (3)}) 10. b4 $146 ({RR} 10. Bd2 Nbd7 11. f3 c5 12. h4 a6 13. h5 Nf8 14. g4 Ne6 15. dxc5 Bxc5 16. O-O-O Bd7 17. f4 Nxg4 18. Bxh7+ Kf8 19. h6 Nxh6 20. Nxd5 Bc6 21. Bc3 Bxd5 22. e4 Bxe4 23. Bxe4 Qb6 24. f5 Ng5 {1-0 Song,M (2408)-Ostrovskiy,A (2397) Charlotte CCCSA Spring GM-A 2022 (6)}) ({RR} 10. Bd2 Nbd7 11. h3 a5 12. f3 Nf8 13. e4 dxe4 14. fxe4 c5 15. e5 cxd4 16. exf6 dxc3 17. Bxc3 Bg3+ 18. Kf1 Be5 19. Bxe5 Rxe5 20. fxg7 Ng6 21. Ng1 Bd7 22. Nf3 Ba4 23. Qxa4 Qxd3+ 24. Kg1 Re2 {½-½ Ezat,A (2287)-Salah,A (2136) Sohag op 2009 (3)}) ({RR} 10. Bd2 Nbd7 11. f3 c5 12. O-O a6 13. Rad1 Qc7 14. Kh1 g6 15. Qc1 b5 16. dxc5 Nxc5 17. Bc2 Bb7 18. Be1 Rad8 19. Bh4 Be7 20. Nf4 Qe5 21. Bg3 Nh5 22. Nxh5 Qxh5 23. Ne2 Ne6 24. Bb3 Bf6 {0-1 Darini,P (2540)-Hosseinipour,M (2281) IRI-ch Tabriz 2013 (2)}) 10... Be6 11. b5 a6 12. bxc6 Nxc6 13. f3 Rc8 14. O-O Qc7 15. h3 b5 16. Qb1 Rb8 17. Nd1 Qd7 18. Nf2 b4 19. a4 b3 20. Bxa6 Bf5 21. Bd3 Bxd3 22. Nxd3 Na5 23. Nc3 Nc4 24. Nb5 Nxe3 25. Bxe3 Rxe3 26. Qxb3 Qf5 27. Nxd6 Rxb3 28. Nxf5 Rexd3 29. a5 Rb8 30. Rfb1 Ra8 31. a6 Nd7 32. Rb7 Nb8 33. Ne7+ Kf8 34. a7 1-0

[Event "Olympiad Women 2024"]
[Site "Budapest HUN"]
[Date "2024.09.22"]
[Round "11.10"]
[Board "1"]
[White "Injac, Teodora"]
[Black "Francisco Guecamburu, Candela Be"]
[Result "1/2-1/2"]
[WhiteElo "2425"]
[BlackElo "2294"]
[PlyCount "60"]
[EventDate "2024.09.11"]
[WhiteTeam "Serbia"]
[BlackTeam "Argentina"]
[WhiteTeamCountry "SRB"]
[BlackTeamCountry "ARG"]

1. Nf3 Nf6 2. c4 e6 3. g3 d5 4. Bg2 d4 5. d3 Nc6 6. O-O Bc5 7. Nbd2 a5 8. Nb3 Be7 9. e3 dxe3 10. Bxe3 Ng4 11. Bc5 O-O 12. d4 a4 13. Bxe7 Qxe7 14. Nc5 e5 15. Re1 Rd8 16. b4 axb3 17. Nxb3 Qb4 $146 ({RR} 17... e4 18. h3 Nh6 19. Ne5 f5 20. Nxc6 bxc6 21. f3 Qg5 22. fxe4 fxe4 23. g4 Re8 24. Bxe4 Bxg4 25. Qd2 Qxd2 26. Nxd2 Bd7 27. Nb3 Ra3 28. Nc5 Bxh3 29. Bxh7+ Kf8 30. Rxe8+ Kxe8 31. Be4 Bd7 32. Re1 {½-½ Yakubboev,N (2630)-Esipenko,A (2679) Stepan Avagyan Mem 2023 (5.4)}) 18. h3 Nf6 19. d5 b5 20. a3 Rxa3 21. Rxa3 Qxa3 22. cxb5 Na5 23. Nxa5 Qxa5 24. Nxe5 Re8 25. Qc1 Bb7 26. Re3 Qxb5 27. Qxc7 Bxd5 28. Bxd5 Qxd5 29. Ng4 Qd1+ 30. Kg2 Qd5+ 1/2-1/2

[Event "Olympiad Women 2024"]
[Site "Budapest HUN"]
[Date "2024.09.22"]
[Round "11.10"]
[Board "2"]
[White "Campos, Maria Jose"]
[Black "Gajcin, Marina"]
[Result "1-0"]
[WhiteElo "2252"]
[BlackElo "2253"]
[PlyCount "109"]
[EventDate "2024.09.11"]
[WhiteTeam "Argentina"]
[BlackTeam "Serbia"]
[WhiteTeamCountry "ARG"]
[BlackTeamCountry "SRB"]

1. Nf3 Nf6 2. c4 c5 3. g3 d5 4. cxd5 Nxd5 5. Bg2 Nc6 6. Nc3 Nc7 7. O-O e5 8. b3 Be7 9. Bb2 O-O 10. Rc1 f6 11. Ne1 Bd7 12. Nd3 Rb8 ({RR} 12... Rc8 13. f4 exf4 14. Nxf4 Be8 15. e3 Bf7 16. Qe2 Re8 17. Ne4 Nb4 18. a3 Nba6 19. Nh5 Nd5 20. g4 Rc6 21. g5 Bxh5 22. Qxh5 g6 23. Qf3 f5 24. Ng3 Nac7 25. Nxf5 gxf5 26. Qxf5 Rf8 27. Qe5 {1-0 Aronian,L (2815)-Svidler,P (2753) Norway Chess blitz 2nd 2014 (1)}) 13. f4 exf4 14. Nxf4 Ne5 $146 ({RR} 14... Ne6 15. Nfd5 Ne5 16. Ne4 b6 17. d3 Rc8 18. Qd2 Bc6 19. Nf4 Nxf4 20. Qxf4 Ng6 21. Qf5 Qd7 22. Qh5 Qb7 23. Rf2 Rcd8 24. Rcf1 Rd5 25. Rf5 Rc8 26. Bh3 Nf8 27. Qh4 Ng6 {½-½ Zaruba,A-Gschwendtner,S (2270) CZE-chT1b Czech Republic 1995}) ({RR} 14... Bd6 15. e3 Be5 16. Nd3 b6 17. Nxe5 Nxe5 18. d4 Bg4 19. Qd2 Rf7 20. h3 Bh5 21. Ne2 Rd7 22. Nf4 Bf7 23. Rcd1 {½-½ Tratar,M (2453)-Vezzosi,P (2328) Trieste op 18th 2016 (5)}) 15. Ne4 b6 16. d4 cxd4 17. Qxd4 Bg4 18. Qa4 Ne6 19. Rfd1 Qe8 20. Qxa7 Nxf4 21. gxf4 Ng6 22. Rc7 Qb5 23. Nc3 Qh5 24. Nd5 Bxe2 25. Re1 Bc5+ 26. Kh1 Bf3 27. Rxg7+ Kh8 28. Rxg6 Qxg6 29. Bxf3 Rbe8 30. Rd1 Re6 31. b4 Bf2 32. Nxf6 Rexf6 33. Qe7 Qg7 34. Qe2 Bh4 35. Rg1 Qd7 36. Rg4 Re8 37. Be5 Rxe5 38. Qxe5 Qc8 39. Rxh4 Qc1+ 40. Kg2 Qc2+ 41. Kf1 Qb1+ 42. Kf2 Qxa2+ 43. Be2 Qf7 44. Bd3 Kg8 45. Bxh7+ Kf8 46. Bc2 b5 47. Rh8+ Kg7 48. Rh7+ Kg8 49. Rxf7 Kxf7 50. Bb3+ Kg6 51. Qg5+ Kh7 52. Bc2+ Kh8 53. Qxf6+ Kg8 54. Bb3+ Kh7 55. Qe7+ 1-0

[Event "Olympiad Women 2024"]
[Site "Budapest HUN"]
[Date "2024.09.22"]
[Round "11.10"]
[Board "3"]
[White "Velikic, Adela"]
[Black "Borda Rodas, Anapaola S."]
[Result "1-0"]
[WhiteElo "2260"]
[BlackElo "2216"]
[PlyCount "97"]
[EventDate "2024.09.11"]
[WhiteTeam "Serbia"]
[BlackTeam "Argentina"]
[WhiteTeamCountry "SRB"]
[BlackTeamCountry "ARG"]

1. d4 Nf6 2. c4 g6 3. f3 c5 4. d5 Bg7 5. e4 d6 6. Nc3 O-O 7. Nge2 Nbd7 8. Ng3 a6 ({RR} 8... Ne5 9. Be2 h5 10. O-O e6 11. f4 Neg4 12. h3 Nh6 13. dxe6 fxe6 14. Be3 Nf7 15. Qd2 Bd7 16. Bd3 Bc6 17. Rae1 h4 18. Nh1 d5 19. cxd5 exd5 20. exd5 Nxd5 21. Bxc5 Nxc3 22. bxc3 Qd5 23. Bxf8 {0-1 Agdestein,S (2570)-Lagno,K (2522) Oslo BNbank KO blitz 2010 (1.1)}) 9. a4 ({RR} 9. Be2 Rb8 10. a4 Ne5 11. O-O h5 12. h3 Ned7 13. f4 h4 14. Nh1 b5 15. cxb5 axb5 16. Bxb5 Nh5 17. e5 dxe5 18. f5 Ndf6 19. fxg6 fxg6 20. Bg5 Bf5 21. Bxh4 e4 22. g4 Nxg4 23. hxg4 Bd4+ {1-0 Mikhalsky,V (2223)-Narva,T (2079) Titled Tue 7th May Late 2024 (2)}) 9... b6 $146 ({RR} 9... Rb8 10. Be2 Re8 11. Be3 Qc7 12. O-O e6 13. Qd2 exd5 14. cxd5 Ne5 15. h3 Ned7 16. Nh1 Nf8 17. Nf2 Bd7 18. Rfc1 b5 19. b4 Nh5 20. axb5 cxb4 21. Ncd1 Qd8 22. bxa6 Bxa1 23. Rxa1 f5 24. a7 {1-0 Gretarsson,H (2270)-Nijs,N (2106) Wch U14 Kemer 2007 (6)}) ({RR} 9... h5 10. Be2 Nh7 11. Be3 Qa5 12. O-O Ne5 13. Qd2 Qb4 14. Nd1 Bd7 15. Qc1 Qa5 16. Bd2 Qc7 17. f4 Ng4 18. Bc3 h4 19. Bxg4 Bxg4 20. Bxg7 Kxg7 21. Qc3+ Nf6 22. Nh1 b5 23. Ne3 Be2 24. Rfe1 {1-0 Shyam,S (2486)-Zhou,Y (2430) Wch U20 51st 2012 (13)}) ({RR} 9... Rb8 10. Be2 Re8 11. O-O Qc7 12. Bg5 e6 13. Qd2 exd5 14. exd5 Ne5 15. h3 Ned7 16. Rae1 b6 17. Qf4 h5 18. Bd3 Bb7 19. Bh6 Ne5 20. Bxg7 Kxg7 21. Bc2 Qd8 22. b3 Bc8 23. Qh4 Nh7 24. Qxd8 {½-½ Demanghon,J (2211)-Feryn,B (1954) La Fere op 8th 2009 (1)}) 10. Be2 Qc7 11. O-O e5 12. Bg5 h6 13. Be3 Re8 14. Qd2 Kh7 15. h4 h5 16. Nh1 Ng8 17. g4 Ndf6 18. Qd1 Ne7 19. Ng3 Qd7 20. g5 Qh3 21. Qe1 Nd7 22. Bd3 f6 23. Rd1 fxg5 24. hxg5 Nf8 25. Rd2 Kg8 26. Rh2 Qd7 27. Qd1 Ra7 28. Kh1 Qd8 29. Nce2 Nd7 30. f4 exf4 31. Nxf4 Ne5 32. Be2 Ng4 33. Bxg4 Bxg4 34. Qd3 Rf8 35. Rhf2 Qe8 36. Bd2 Qxa4 37. Bc3 Qb3 38. Ne6 Rxf2 39. Rxf2 Bxe6 40. dxe6 Nc8 41. Qd5 Re7 42. Qc6 Qd1+ 43. Rf1 Qg4 44. Qxc8+ Kh7 45. Kg2 h4 46. Rf3 Bxc3 47. bxc3 Qxe6 48. Qf8 Rg7 49. Rf4 1-0

[Event "Olympiad Women 2024"]
[Site "Budapest HUN"]
[Date "2024.09.22"]
[Round "11.10"]
[Board "4"]
[White "Sarquis, Maria Belen"]
[Black "Mandura, Tijana"]
[Result "1-0"]
[WhiteElo "2172"]
[BlackElo "2207"]
[PlyCount "159"]
[EventDate "2024.09.11"]
[WhiteTeam "Argentina"]
[BlackTeam "Serbia"]
[WhiteTeamCountry "ARG"]
[BlackTeamCountry "SRB"]

1. e4 e5 2. Nf3 Nc6 3. Bc4 d6 4. O-O Be7 5. a4 Nf6 6. d3 O-O 7. Re1 Kh8 8. h3 Be6 ({RR} 8... Ng8 9. d4 f5 10. dxe5 fxe4 11. Rxe4 Bf5 12. Re1 dxe5 13. Qxd8 Raxd8 14. Nc3 Nb4 15. Rxe5 Nxc2 16. Ra2 Bd6 17. Re2 Nb4 18. Ra1 Nc2 19. Ra2 Nb4 20. Ra1 Nc2 {½-½ Hou,Y (2673)-Giri,A (2784) Tata Steel-A 77th 2015 (4)}) 9. Ng5 $146 ({RR} 9. Nbd2 Qd7 10. a5 a6 11. c3 Ng8 12. d4 exd4 13. cxd4 d5 14. exd5 Bxd5 15. Bxd5 Qxd5 16. Ne4 Rad8 17. Nc3 Qf5 18. d5 Nb4 19. Nd4 Qg6 20. Qb3 c5 21. Nf3 Nc2 22. Be3 Nxa1 23. Rxa1 Bd6 {0-1 Tissir,M (2439)-Vajda,L (2511) Lodi op 2006 (8)}) ({RR} 9. a5 a6 10. Bxe6 fxe6 11. c3 Qd7 12. Nbd2 Nh5 13. Nf1 Nf4 14. b4 Qe8 15. Kh2 Qf7 16. Ng1 g5 17. Ra2 Rg8 18. g3 Rg6 19. Kh1 Rag8 20. Nh2 Qg7 21. Rd2 Rh6 22. gxf4 gxf4 23. Qf3 Rg6 {1-0 Horvath,A (2518)-Farkas,G (2331) Zalakaros Barczay Memorial 2022 (6)}) ({RR} 9. Nc3 Ng8 10. a5 a6 11. Nd5 Bxd5 12. Bxd5 Nxa5 13. Rxa5 c6 14. Bd2 cxd5 15. Rxd5 Nf6 {½-½ Tyomkin,D (2505)-Huzman,A (2581) Ashdod op 2004 (9)}) ({RR} 9. a5 a6 10. Nbd2 Qd7 11. Nf1 Nd4 12. c3 Nxf3+ 13. Qxf3 Rad8 14. Ne3 c6 15. Nf5 d5 {½-½ Gindi,S (2397)-Bitensky,I (2355) ISR-chT Israel 2018 (5.2)}) 9... Bxc4 10. dxc4 Nb8 11. Nc3 Nbd7 12. Be3 a5 13. Nf3 Re8 14. Qd3 Kg8 15. Rad1 Bf8 16. Nd5 Nh5 17. Qb3 c6 18. Nb6 Nxb6 19. Bxb6 Qe7 20. g3 c5 21. Qb5 Ra6 22. Nd2 Nf6 23. Bxa5 Qd7 24. Qxd7 Nxd7 25. Nb3 b6 26. Bc3 Rxa4 27. Ra1 Rea8 28. Rxa4 Rxa4 29. Ra1 Rxa1+ 30. Nxa1 g6 31. Nb3 Nf6 32. f3 Bh6 33. Kf2 Kf8 34. Bd2 Bxd2 35. Nxd2 Ke7 36. Nb1 Kd7 37. Nc3 Kc6 38. f4 exf4 39. gxf4 Nh5 40. Kf3 Ng7 41. Kg4 f5+ 42. exf5 Nxf5 43. Kg5 Kd7 44. Nd5 Ke6 45. Nxb6 Ne3 46. c3 Nd1 47. Na4 Nf2 48. h4 Nd3 49. b3 Nf2 50. b4 Ne4+ 51. Kg4 h5+ 52. Kh3 Kf5 53. b5 Kxf4 54. b6 Nf6 55. b7 Nd7 56. Nb6 Nb8 57. Nc8 Ke5 58. Ne7 Kf6 59. Nc8 Ke5 60. Kg3 d5 61. cxd5 Kxd5 62. Kf4 Kc6 63. Kg5 Kxb7 64. Ne7 Kb6 65. Nxg6 Nd7 66. Kxh5 Nf6+ 67. Kg5 Ne4+ 68. Kf5 Ng3+ 69. Ke5 Kb5 70. Kd5 Nh5 71. Ne5 Nf6+ 72. Ke6 Nh5 73. Kf5 c4 74. Nf3 Ka4 75. Nd4 Ng3+ 76. Kg6 Ne4 77. h5 Nxc3 78. h6 Nd5 79. h7 Nf4+ 80. Kf5 1-0

[Event "Olympiad Women 2024"]
[Site "Budapest HUN"]
[Date "2024.09.22"]
[Round "11.11"]
[Board "1"]
[White "Theissl Pokorna, Regina"]
[Black "Daulyte-Cornette, Deimante"]
[Result "0-1"]
[WhiteElo "2302"]
[BlackElo "2369"]
[PlyCount "112"]
[EventDate "2024.09.11"]
[WhiteTeam "Austria"]
[BlackTeam "France"]
[WhiteTeamCountry "AUT"]
[BlackTeamCountry "FRA"]

1. Nf3 c5 2. c4 Nf6 3. b3 e6 4. Bb2 d5 5. g3 Nc6 6. Bg2 d4 7. d3 e5 8. O-O Bd6 9. e3 O-O 10. exd4 exd4 11. Na3 Bf5 12. Nc2 a5 13. a3 Rc8 $146 ({RR} 13... Qd7 14. Re1 Rfe8 15. Qd2 h6 16. b4 axb4 17. axb4 Rxa1 18. Rxa1 b6 19. b5 Na5 20. Rxa5 bxa5 21. Nh4 Qc8 22. b6 Bh7 23. b7 Qe6 24. Bf3 g5 25. Ng2 Bc7 26. Nge1 Kg7 27. Bc1 Bg6 28. h4 {0-1 Hubka,R-Petlak,J (2017) Znojmo op 2006 (3.17)}) 14. b4 b6 15. h3 h6 16. Rb1 Re8 17. Qd2 Nd7 18. bxa5 Nxa5 19. Ba1 Nf6 20. Rfe1 Bc7 21. Rxe8+ Qxe8 22. Re1 Qa4 23. Qd1 b5 24. Ncxd4 cxd4 25. Nxd4 Bd7 26. Nxb5 Qxd1 27. Rxd1 Bxb5 28. cxb5 Bb6 29. Bxf6 gxf6 30. Rd2 Bd4 31. a4 Rc1+ 32. Kh2 Ra1 33. Re2 Rxa4 34. Re4 Rb4 35. b6 Kf8 36. Rh4 Bc3 37. b7 Rb2 38. Rxh6 Kg7 39. Rh4 Nxb7 40. Rg4+ Kf8 41. Rc4 Be5 42. Bxb7 Rxb7 43. d4 Bd6 44. Kg2 Rb2 45. Ra4 f5 46. Ra8+ Ke7 47. Ra4 Ke6 48. h4 f4 49. gxf4 Kf5 50. h5 Bxf4 51. Ra7 f6 52. Ra5+ Kg4 53. Ra6 Bg5 54. h6 Rb7 55. d5 Kf5 56. Rc6 Bxh6 0-1

[Event "Olympiad Women 2024"]
[Site "Budapest HUN"]
[Date "2024.09.22"]
[Round "11.11"]
[Board "2"]
[White "Guichard, Pauline"]
[Black "Newrkla, Katharina"]
[Result "1/2-1/2"]
[WhiteElo "2374"]
[BlackElo "2208"]
[PlyCount "84"]
[EventDate "2024.09.11"]
[WhiteTeam "France"]
[BlackTeam "Austria"]
[WhiteTeamCountry "FRA"]
[BlackTeamCountry "AUT"]

1. d4 Nf6 2. c4 e6 3. Nc3 Bb4 4. e3 O-O 5. Nge2 Re8 6. a3 Bf8 7. Ng3 d5 8. Be2 b6 9. O-O Bb7 10. cxd5 exd5 11. b4 c5 $146 ({RR} 11... Nbd7 12. Qb3 c6 13. f3 a5 14. Rb1 b5 15. e4 Nb6 16. e5 Nfd7 17. f4 Nc4 18. Kh1 Qb6 19. Qd1 Nb8 20. f5 Na6 21. Bxc4 dxc4 22. Qg4 Red8 23. Be3 axb4 24. axb4 Nxb4 25. Rxb4 Ra3 26. Nge4 {1-0 Yu,Y (2709)-Duda,J (2753) Nations Cup Online Prelim rapid 2020 (7.3)}) ({RR} 11... Nbd7 12. Qb3 c6 13. Bf3 a5 14. Rb1 g6 15. e4 axb4 16. axb4 c5 17. bxc5 bxc5 18. Qxb7 Rb8 19. Qa7 Ra8 20. Qb7 Rb8 21. Qa7 Ra8 22. Qb7 {½-½ Deuer,M (2452)-Huschenbeth,N (2594) 95th ch-GER Masters 2024 (6.1)}) ({RR} 11... Nbd7 12. Bb2 a6 13. Qb3 c6 14. Bf3 b5 15. Rad1 Nb6 16. e4 a5 17. e5 Nfd7 18. Be2 Nc4 19. Bd3 Bc8 20. Bc1 axb4 21. axb4 Ndb6 22. Qc2 g6 23. f4 Ra7 24. f5 Bxb4 25. Nh5 gxh5 26. f6 {1-0 Tan,J (2070)-Saydaliev,S (2362) World ol U16 2017 (7.3)}) ({RR} 11... Nbd7 12. Rb1 c6 13. a4 a5 14. b5 c5 15. Ra1 Rc8 16. Bb2 cxd4 17. exd4 Ne4 18. Rc1 Ndf6 19. Bd3 Nd6 20. Ba3 g6 21. Qf3 Bg7 22. Bxd6 Qxd6 23. h4 Qb4 24. Nge2 Ne4 25. Bxe4 dxe4 26. Qe3 {0-1 Trapeznikova,D (2085)-Pogonina,N (2490) RUS-chT (Women) 18th 2016 (1.2)}) 12. bxc5 bxc5 13. dxc5 Nbd7 14. Bb2 Nxc5 15. Nb5 Nfe4 16. a4 a6 17. Nd4 Rb8 18. a5 Ba8 19. Qc2 Qd7 20. Rfb1 g6 21. Nxe4 dxe4 22. Ba3 Rxb1+ 23. Rxb1 Rc8 24. Qd1 Na4 25. Bb2 Nxb2 26. Rxb2 Qd6 27. Rc2 Rb8 28. Qc1 Bb7 29. Rc7 Bd5 30. Rc8 Rb4 31. g3 h5 32. Qc7 Rb1+ 33. Kg2 Qxc7 34. Rxc7 Ra1 35. Bxa6 Rxa5 36. Bc4 Bxc4 37. Rxc4 Ra6 38. Rc8 f5 39. h4 Kf7 40. Nb5 Rb6 41. Nc3 Bd6 42. Nd5 Rb5 1/2-1/2